书目信息 |
| 题名: |
中国现代文学作品选读
|
|
| 作者: | 乔福生 编写 | |
| 分册: | ||
| 出版信息: | 上海 上海外语教育出版社 1981 |
|
| 页数: | 359页 | |
| 开本: | 19cm | |
| 丛书名: | ||
| 单 册: | ||
| 中图分类: | H194.3 | |
| 科图分类: | ||
| 主题词: | 文学--作品--中国--现代--选集 , 汉语--语言教学 | |
| 电子资源: | ||
| ISBN: | ||
| 000 | 00685nam0 2200229 45 | |
| 001 | 0181005674 | |
| 005 | 20070728150347.48 | |
| 010 | @dCNY1.16 | |
| 091 | @a7218.002 | |
| 100 | @a19950610d1981 em y0chiy0121 ea | |
| 101 | 0 | @achi |
| 102 | @aCN@b310000 | |
| 105 | @ay z 000zy | |
| 200 | 10 | @a中国现代文学作品选读@Azhong guo xian dai wen xue zuo pin xuan du@f乔福生等编写@FQiao Fu Sheng DengBian Xie |
| 210 | @a上海@c上海外语教育出版社@d1981 | |
| 215 | @a359页@d19cm | |
| 606 | @a文学@x作品@y中国@z现代@x选集 | |
| 606 | 0 | @a汉语@x语言教学 |
| 690 | @aH194.3@v3 | |
| 701 | 0 | @a乔福生@Aqiao fu sheng@4编写 |
| 801 | @aCN@bTSTC@c20070728 | |
| 905 | @dH194.3@e104@f1@b39733@b39731@f1 | |
| 中国现代文学作品选读/乔福生等编写.-上海:上海外语教育出版社,1981 |
| 359页;19cm |
| ISBN :CNY1.16 |
| ● |
| 相关链接 |
|
|
|
|
正题名:中国现代文学作品选读
索取号:H194.3/104
 
预约/预借
| 序号 | 登录号 | 条形码 | 馆藏地/架位号 | 状态 | 备注 |
| 1 | 0039727 | 001712873 | 密集书库/ [索取号:H194.3/104] | 在馆 | |
| 2 | 0039728 | 202136116 | 密集书库/ [索取号:H194.3/104] | 在馆 | |
| 3 | 0039729 | 001659609 | 密集书库/ [索取号:H194.3/104] | 在馆 | |
| 4 | 0039730 | 001369726 | 第二样本阅览室/ [索取号:H194.3/104] | 在馆 | |
| 5 | 0039731 | 001369584 | 密集书库/ [索取号:H194.3/104] | 在馆 | |
| 6 | 0039732 | 001712837 | 密集书库/ [索取号:H194.3/104] | 在馆 | |
| 7 | 0039733 | 001369628 | 第四借阅区/ [索取号:H194.3/104] | 在馆 | |
| 8 | 0039735 | 000881530 | 密集书库/ [索取号:H194.3/104] | 在馆 | |
| 9 | 0039736 | 001659592 | 密集书库/ [索取号:H194.3/104] | 在馆 | |
| 10 | 0039737 | 202219857 | 密集书库/ [索取号:H194.3/104] | 在馆 | |
| 11 | 0044916 | 001901758 | 密集书库/ [索取号:H194.3/104] | 在馆 | |
| 12 | 0044917 | 001901776 | 密集书库/ [索取号:H194.3/104] | 在馆 | |
| 13 | 0044918 | 001901785 | 密集书库/ [索取号:H194.3/104] | 在馆 | |
| 14 | 0044919 | 001901767 | 密集书库/ [索取号:H194.3/104] | 在馆 | |
| 15 | 0044920 | 001659538 | 密集书库/ [索取号:H194.3/104] | 在馆 | |
| 16 | 0444156 | 204441568 | 密集书库/ [索取号:H194.3/104] | 在馆 | |
| 17 | 0444157 | 204441577 | 密集书库/ [索取号:H194.3/104] | 在馆 | |
| 18 | 0444202 | 204442022 | 密集书库/ [索取号:H194.3/104] | 在馆 | |
| 19 | 0472166 | 204721667 | 密集书库/ [索取号:H194.3/104] | 在馆 | |
| 20 | 0786682 | 207866825 | 密集书库/ [索取号:H194.3/104] | 在馆 | |
| 21 | 0787105 | 207871052 | 密集书库/ [索取号:H194.3/104] | 在馆 | |
| 22 | 0787121 | 207871212 | 密集书库/ [索取号:H194.3/104] | 在馆 |